[Event "Scarborough CC-ch"]
[Site "Toronto"]
[Date "2019.04.04"]
[Round "1.4"]
[White "Southam, David"]
[Black "Leblanc, Miguel"]
[Result "1-0"]
[WhiteElo "2179"]
[BlackElo "1931"]
[PlyCount "87"]
[EventDate "2019.04.04"]
[EventType "swiss"]
[EventRounds "8"]
[EventCountry "CAN"]
[SourceTitle "EXT 2022"]
[Source "ChessBase"]
[SourceDate "2021.10.06"]
[SourceVersion "1"]
[SourceVersionDate "2021.10.06"]
[SourceQuality "1"]

1. d4 Nf6 2. c4 e6 3. Nc3 Bb4 4. e3 0-0 5. Nge2 c6 6. a3 Ba5 7. c5 d5 8. cxd6 Qxd6 9. b4 Bc7 10. g3 e5 11. Bg2 Bg4 12. h3 Be6 13. 0-0 Nbd7 14. Qc2 Qe7 15. e4 exd4 16. Nxd4 Be5 17. Be3 Nb6 18. f4 Bc7 19. Nxe6 Qxe6 20. Bc5 Rfd8 21. e5 Nfd5 22. Ne4 h6 23. Rae1 Nd7 24. Bd6 Bb6+ 25. Nc5 Nxc5 26. bxc5 Ba5 27. Re2 Nc3 28. Re3 Nb5 29. f5 Qe8 30. Re4 Nxd6 31. cxd6 Bb6+ 32. Kh2 Rd7 33. Rd1 Qd8 34. Qd3 Kf8 35. e6 fxe6 36. fxe6 Rxd6 37. Qxd6+ Qxd6 38. Rxd6 Bc5 39. Rd7 Rb8 40. Rf4+ Ke8 41. Rff7 Bxa3 42. Rxg7 a5 43. Rg8+ Bf8 44. Rf7 1-0

[Event "Scarborough CC Falling Leaves"]
[Site "Toronto"]
[Date "2018.11.08"]
[Round "2.1"]
[White "Southam, David"]
[Black "Lin, Benjamin1111"]
[Result "1/2-1/2"]
[WhiteElo "2130"]
[BlackElo "2091"]
[PlyCount "150"]
[EventDate "2018.11.01"]
[EventType "swiss"]
[EventRounds "7"]
[EventCountry "CAN"]
[SourceTitle "EXT 2022"]
[Source "ChessBase"]
[SourceDate "2021.10.06"]
[SourceVersion "1"]
[SourceVersionDate "2021.10.06"]
[SourceQuality "1"]

1. d4 d5 2. c4 c6 3. Nf3 Nf6 4. e3 e6 5. Nc3 Nbd7 6. Bd3 dxc4 7. Bxc4 b5 8. Bd3 Bd6 9. 0-0 0-0 10. a4 b4 11. Ne4 Nxe4 12. Bxe4 Ba6 13. Re1 Rc8 14. Bd3 Bxd3 15. Qxd3 c5 16. e4 c4 17. Qe2 e5 18. dxe5 Nxe5 19. Rd1 Nxf3+ 20. Qxf3 Qc7 21. g3 Rfd8 22. Bf4 Bxf4 23. Qxf4 Qxf4 24. gxf4 Kf8 25. Kf1 Rd3 26. Rxd3 cxd3 27. Rd1 Rc2 28. Rxd3 Rxb2 29. Rd7 Ra2 30. Rxa7 b3 31. Rb7 Rxa4 32. Rxb3 Rxe4 33. Rf3 g6 34. Kg2 Kg7 35. Kg3 h5 36. Ra3 Re1 37. h3 Kf6 38. Ra6+ Kf5 39. Ra5+ Ke6 40. Ra6+ Kf5 41. Ra5+ Kf6 42. Ra6+ Kg7 43. Ra3 Rg1+ 44. Kh2 Rf1 45. Kg2 Rd1 46. Kg3 Kf6 47. Ra6+ Kf5 48. Ra5+ Kf6 49. Ra6+ Kg7 50. Ra3 f5 51. Ra6 Rd3+ 52. f3 Rd4 53. h4 Rd1 54. Rb6 Rh1 55. Ra6 Rg1+ 56. Kf2 Rc1 57. Kg3 Re1 58. Kf2 Re7 59. Kg3 Kf7 60. Rb6 Re6 61. Rb7+ Kf6 62. Rb2 Rc6 63. Re2 Rc1 64. Re8 Rc2 65. Re1 Rc6 66. Kf2 Re6 67. Rxe6+ Kxe6 68. Ke3 Kd5 69. Kd3 Kc5 70. Kc3 Kd5 71. Kd3 Kc5 72. Kc3 Kd5 73. Kd3 Kc5 74. Kc3 Kd5 75. Kd3 Kc5 1/2-1/2

[Event "Scarborough CC Howard Ridout"]
[Site "Toronto"]
[Date "2017.10.26"]
[Round "7.2"]
[White "Issani, Nameer"]
[Black "Southam, David"]
[Result "0-1"]
[WhiteElo "2061"]
[BlackElo "2214"]
[PlyCount "50"]
[EventDate "2017.09.14"]
[EventType "swiss"]
[EventRounds "7"]
[EventCountry "CAN"]
[SourceTitle "EXT 2022"]
[Source "ChessBase"]
[SourceDate "2021.10.06"]
[SourceVersion "1"]
[SourceVersionDate "2021.10.06"]
[SourceQuality "1"]

1. d4 e6 2. c4 d5 3. Nc3 c6 4. e3 Nf6 5. Nf3 Nbd7 6. Qc2 Bd6 7. b3 0-0 8. Bb2 Qe7 9. Be2 b6 10. e4 Nxe4 11. Nxe4 dxe4 12. Qxe4 Bb4+ 13. Kf1 Bb7 14. Bd3 f5 15. Qe2 Rae8 16. c5 bxc5 17. a3 Ba5 18. Bc4 Nb6 19. dxc5 Nd5 20. b4 Bc7 21. Ne5 a5 22. b5 cxb5 23. Bxd5 Bxd5 24. Rc1 f4 25. f3 Rf5 0-1

[Event "Toronto Crown op"]
[Site "Toronto"]
[Date "2014.04.20"]
[Round "6"]
[White "Southam, David"]
[Black "Ivanov, Mike"]
[Result "1-0"]
[WhiteElo "2084"]
[BlackElo "2123"]
[PlyCount "129"]
[EventDate "2014.04.18"]
[EventType "swiss"]
[EventRounds "6"]
[EventCountry "CAN"]
[SourceTitle "CBM 159 Extra"]
[Source "ChessBase"]
[SourceDate "2014.04.24"]
[SourceVersion "1"]
[SourceVersionDate "2014.04.24"]
[SourceQuality "1"]

1. d4 Nf6 2. Nf3 c5 3. c3 b6 4. Bg5 Ne4 5. Bf4 Bb7 6. e3 d6 7. Nbd2 Nxd2 8. Qxd2 g6 9. 0-0-0 Nd7 10. h4 h6 11. Kb1 Bg7 12. Be2 Qc7 13. Ka1 a6 14. Ne1 0-0-0 15. Bf3 e5 16. Bxb7+ Qxb7 17. Bg3 f5 18. f3 f4 19. Bf2 fxe3 20. Bxe3 exd4 21. cxd4 Nf6 22. Nc2 Nd5 23. Rhe1 Qf7 24. Qd3 Nc7 25. Qe4 Rhe8 26. Qd3 c4 27. Qd2 h5 28. Bg5 Rxe1 29. Rxe1 Re8 30. Kb1 Ne6 31. Qb4 Nxd4 32. Rxe8+ Qxe8 33. Qxc4+ Nc6 34. Qxa6+ Kc7 35. Be3 Qe5 36. Qxb6+ Kd7 37. Qb7+ Ke6 38. Bc1 Na5 39. Qe4 Qxe4 40. fxe4 Bf6 41. g3 Ke5 42. Bd2 Bd8 43. Bf4+ Kxe4 44. Bxd6 Nc4 45. Bb8 Bf6 46. b3 Nd2+ 47. Kc1 Nf1 48. a4 Be5 49. Bxe5 Kxe5 50. a5 Kd5 51. a6 Kc6 52. b4 Kb6 53. b5 Nxg3 54. Nd4 Ne4 55. Kc2 g5 56. Kd3 Nc5+ 57. Kc4 Nxa6 58. hxg5 Nc7 59. g6 Ne8 60. Nf5 Nf6 61. g7 Ng8 62. Kd5 Kxb5 63. Ke6 h4 64. Nxh4 Kc6 65. Nf5 1-0

[Event "Toronto Reserves"]
[Site "Toronto"]
[Date "2013.06.03"]
[Round "7"]
[White "Southam, David"]
[Black "Plotkin, Mark"]
[Result "1/2-1/2"]
[WhiteElo "2193"]
[BlackElo "2163"]
[PlyCount "47"]
[EventDate "2013.04.15"]
[EventType "tourn"]
[EventRounds "7"]
[EventCountry "CAN"]
[SourceTitle "EXT 2022"]
[Source "ChessBase"]
[SourceDate "2021.10.06"]
[SourceVersion "1"]
[SourceVersionDate "2021.10.06"]
[SourceQuality "1"]

1. d4 Nf6 2. Nc3 d5 3. Bg5 Nbd7 4. Qd2 e6 5. e3 c5 6. Nf3 a6 7. Ne5 Be7 8. Be2 Nxe5 9. dxe5 Nd7 10. Bxe7 Qxe7 11. f4 b5 12. Bf3 Nb6 13. b3 Bb7 14. 0-0 0-0 15. a4 b4 16. Ne2 a5 17. c3 Nd7 18. Rfc1 f6 19. exf6 Nxf6 20. cxb4 axb4 21. Ra2 Ra5 22. Rac2 Rc8 23. h3 Ba6 24. Rb2 1/2-1/2

[Event "Toronto"]
[Site "Toronto"]
[Date "2012.05.28"]
[Round "8"]
[White "Southam, David"]
[Black "Kleinman, Michael"]
[Result "1/2-1/2"]
[WhiteElo "2222"]
[BlackElo "2383"]
[PlyCount "218"]
[EventDate "2012.03.26"]
[EventType "tourn"]
[EventRounds "9"]
[EventCountry "CAN"]
[SourceTitle "EXT 2022"]
[Source "ChessBase"]
[SourceDate "2021.10.06"]
[SourceVersion "1"]
[SourceVersionDate "2021.10.06"]
[SourceQuality "1"]

1. d4 Nf6 2. c4 g6 3. Nc3 d5 4. cxd5 Nxd5 5. e4 Nxc3 6. bxc3 Bg7 7. Be3 c5 8. Rc1 Qa5 9. Qd2 0-0 10. Nf3 Rd8 11. d5 e6 12. c4 Qxd2+ 13. Nxd2 Na6 14. Bd3 Bd7 15. 0-0 Rac8 16. a3 b6 17. Rb1 Bd4 18. Bg5 f6 19. Bh4 g5 20. Bg3 e5 21. Kh1 Nc7 22. Nb3 Ne8 23. Rfc1 Nd6 24. f3 Kf7 25. Be1 Be3 26. Bd2 Bxd2 27. Nxd2 Rc7 28. Nf1 Nb7 29. Ne3 Na5 30. Kg1 Rcc8 31. Kf2 Rh8 32. Ke2 h5 33. Kd2 Rcg8 34. Rf1 Ke7 35. Kc3 Nb7 36. Bc2 Nd6 37. Bd3 Rb8 38. a4 Rb7 39. Bc2 Kd8 40. Rf2 Kc7 41. Ra1 a6 42. Bd3 Rhb8 43. Rfa2 Rf8 44. Ra3 Rbb8 45. R3a2 Be8 46. Kd2 Bg6 47. Re1 Rb7 48. Nd1 Rbb8 49. Nc3 Nb7 50. Rf1 Na5 51. Kc2 Kd6 52. Rb1 Rf7 53. Rab2 Rfb7 54. Rf1 Rd7 55. Rfb1 Kc7 56. Rf1 Rd6 57. Rf2 Rd7 58. Rb1 Rf8 59. Re1 Nb7 60. Kd2 Nd6 61. Kc2 Rdd8 62. Kd2 Be8 63. Rb1 Bd7 64. Rff1 Rb8 65. Rb2 Rb7 66. Rfb1 Ra8 67. Ra2 Rbb8 68. Rba1 Bc8 69. Ra3 Bb7 70. R3a2 Bc8 71. Ra3 a5 72. Nb5+ Nxb5 73. cxb5 Kd6 74. Bc4 Bd7 75. Ke2 Rg8 76. Rf1 Raf8 77. Re3 f5 78. exf5 Bxf5 79. Kd2 Bg6 80. Rfe1 Rf4 81. Bb3 c4 82. Bc2 Bxc2 83. Kxc2 Re8 84. Re4 Kxd5 85. Rxf4 gxf4 86. Rd1+ Kc5 87. Rd7 Kb4 88. Rd6 e4 89. fxe4 Rxe4 90. Rxb6 Re2+ 91. Kd1 Rxg2 92. Rc6 f3 93. Ke1 Kxa4 94. b6 Rg8 95. b7 Rb8 96. Rxc4+ Kb3 97. Rf4 a4 98. Rxf3+ Kb2 99. Rf2+ Kb1 100. Rf4 a3 101. Rb4+ Kc2 102. Rb6 Kc3 103. Kf2 a2 104. Ra6 Kb3 105. Rb6+ Kc4 106. Ra6 Kb3 107. Rb6+ Kc2 108. Ra6 Kb1 109. Rb6+ Kc2 1/2-1/2

[Event "Toronto"]
[Site "Toronto"]
[Date "2012.05.14"]
[Round "7"]
[White "Plotkin, Victor"]
[Black "Southam, David"]
[Result "1/2-1/2"]
[WhiteElo "2399"]
[BlackElo "2222"]
[PlyCount "104"]
[EventDate "2012.03.26"]
[EventType "tourn"]
[EventRounds "9"]
[EventCountry "CAN"]
[SourceTitle "EXT 2022"]
[Source "ChessBase"]
[SourceDate "2021.10.06"]
[SourceVersion "1"]
[SourceVersionDate "2021.10.06"]
[SourceQuality "1"]

1. Nf3 e6 2. c4 d5 3. d4 c6 4. e3 Nf6 5. Nc3 Nbd7 6. Bd3 dxc4 7. Bxc4 b5 8. Bd3 a6 9. 0-0 c5 10. Qe2 Bb7 11. Rd1 Qb6 12. b3 Rc8 13. Bb2 cxd4 14. exd4 Bb4 15. Ne4 Nxe4 16. Bxe4 Bxe4 17. Qxe4 Nf6 18. Qh4 Nd5 19. Ne5 Qb7 20. Rd3 Rc2 21. Rf3 Rxb2 22. Rxf7 Qxf7 23. Nxf7 Kxf7 24. Qh5+ g6 25. Qe5 Rc8 26. a4 bxa4 27. bxa4 Rcc2 28. Rf1 Re2 29. Qh8 Nf6 30. g4 g5 31. h4 Re4 32. f3 Ree2 33. Rc1 Rg2+ 34. Kh1 Rh2+ 35. Kg1 Rbg2+ 36. Kf1 gxh4 37. Rc7+ Be7 38. Rxe7+ Kxe7 39. Qg7+ Kd6 40. Qxf6 h3 41. Qd8+ Kc6 42. Qa8+ Kd7 43. Qb7+ Ke8 44. Qc8+ Kf7 45. Qd7+ Kf6 46. Qd8+ Kg6 47. Qg8+ Kh6 48. Qxe6+ Kg5 49. Qe3+ Kh4 50. Qe1+ Kg5 51. Qe5+ Kg6 52. Qe6+ Kg7 1/2-1/2

[Event "Toronto"]
[Site "Toronto"]
[Date "2012.04.23"]
[Round "4"]
[White "Southam, David"]
[Black "Barron, Michael"]
[Result "1-0"]
[WhiteElo "2222"]
[BlackElo "2266"]
[PlyCount "71"]
[EventDate "2012.03.26"]
[EventType "tourn"]
[EventRounds "9"]
[EventCountry "CAN"]
[SourceTitle "EXT 2022"]
[Source "ChessBase"]
[SourceDate "2021.10.06"]
[SourceVersion "1"]
[SourceVersionDate "2021.10.06"]
[SourceQuality "1"]

1. d4 f5 2. g3 Nf6 3. Bg2 g6 4. b4 e6 5. c3 Bg7 6. Nd2 0-0 7. e4 fxe4 8. Nxe4 Nxe4 9. Bxe4 Qf6 10. f4 d6 11. Nf3 Nd7 12. 0-0 e5 13. Qb3+ Kh8 14. Be3 Qe7 15. fxe5 dxe5 16. dxe5 Rxf3 17. Bxf3 Nxe5 18. Bf4 Bh3 19. Bg2 Bxg2 20. Kxg2 Nd3 21. Qc2 Qe4+ 22. Kg1 Qc4 23. Rf3 Nxb4 24. Qb3 Qc5+ 25. Be3 Qxc3 26. Qxc3 Bxc3 27. Rd1 Nc6 28. Rf7 Re8 29. Rdd7 Kg8 30. Bf4 Re2 31. Bh6 Re1+ 32. Kg2 Re2+ 33. Kh3 Re8 34. Rxc7 Bh8 35. Rxb7 Nd8 36. Rbe7 1-0

[Event "Scarborough CC-ch"]
[Site "Toronto"]
[Date "2012.04.05"]
[Round "3"]
[White "Bellissimo, Joseph F"]
[Black "Southam, David"]
[Result "1/2-1/2"]
[WhiteElo "1916"]
[BlackElo "2222"]
[PlyCount "81"]
[EventDate "2012.03.22"]
[EventType "tourn"]
[EventRounds "9"]
[EventCountry "CAN"]
[SourceTitle "EXT 2022"]
[Source "ChessBase"]
[SourceDate "2021.10.06"]
[SourceVersion "1"]
[SourceVersionDate "2021.10.06"]
[SourceQuality "1"]

1. e4 e6 2. d4 d5 3. e5 c5 4. c3 Nc6 5. Nf3 Bd7 6. a3 c4 7. Nbd2 Na5 8. Be2 Bc6 9. Rb1 Qd7 10. b3 cxb3 11. Nxb3 Nxb3 12. Qxb3 Ne7 13. 0-0 Ng6 14. c4 Be7 15. cxd5 Bxd5 16. Bb5 Bxb3 17. Bxd7+ Kxd7 18. Rxb3 b6 19. Rd1 Rac8 20. Be3 Rhd8 21. Rbd3 Ke8 22. Ng5 h6 23. Ne4 Rd5 24. f4 Ra5 25. Bc1 Ra4 26. g3 Rcc4 27. Be3 Rc2 28. h4 h5 29. Bd2 Ra2 30. Bb4 Rc2 31. d5 Ra2 32. Kf1 Rh2 33. Kg1 Bxh4 34. dxe6 Be7 35. Bxe7 Kxe7 36. exf7 Ke6 37. Rd6+ Kf5 38. Rxg6 Kxe4 39. Re1+ Kf3 40. Rf1+ Ke3 41. Re1+ 1/2-1/2

[Event "Toronto"]
[Site "Toronto"]
[Date "2012.03.26"]
[Round "1"]
[White "Southam, David"]
[Black "Samsonkin, Artiom"]
[Result "0-1"]
[WhiteElo "2222"]
[BlackElo "2568"]
[PlyCount "84"]
[EventDate "2012.03.26"]
[EventType "tourn"]
[EventRounds "9"]
[EventCountry "CAN"]
[SourceTitle "EXT 2022"]
[Source "ChessBase"]
[SourceDate "2021.10.06"]
[SourceVersion "1"]
[SourceVersionDate "2021.10.06"]
[SourceQuality "1"]

1. d4 Nf6 2. c4 e6 3. Nc3 Bb4 4. e3 0-0 5. Nge2 d5 6. a3 Bd6 7. c5 Be7 8. b4 a5 9. Rb1 axb4 10. axb4 b6 11. g3 bxc5 12. bxc5 Nc6 13. Bg2 Ba6 14. 0-0 e5 15. Re1 e4 16. f3 Bd3 17. Rb2 exf3 18. Bxf3 Bc4 19. Nf4 Ra1 20. Rb1 Ra8 21. Qc2 Qd7 22. Qg2 Rfd8 23. h4 h6 24. h5 Bf8 25. g4 Ne7 26. Bb2 Nh7 27. e4 Ng5 28. exd5 Nxf3+ 29. Qxf3 Nxd5 30. Ncxd5 Bxd5 31. Nxd5 Qxd5 32. Qxd5 Rxd5 33. Rf1 Be7 34. Rf5 Rdd8 35. Rc1 Bf6 36. Rd1 Ra4 37. Rf4 Re8 38. Kf1 Re3 39. Bc1 Rc3 40. Ke2 Bg5 41. Rff1 Ra2+ 42. Bd2 Rcc2 0-1